| 000 | 00757nam a2200193 i 4500 | ||
|---|---|---|---|
| 001 | 19768 | ||
| 003 | ES-MaACL | ||
| 005 | 20230906152148.0 | ||
| 007 | t| | ||
| 008 | 021011s1917 sp ||||1| spa d | ||
| 100 | 1 |
_aNuwayri, Muhammad b. Qasimal. _986256 |
|
| 245 | 1 | 0 |
_aHistoria de los musulmanes de España y Africa / _cpor En-Nuguairi ; texto árabe y traducción española por Mariano Gaspar Remiro. |
| 260 |
_aGranada : _bCentro de Estudios Históricos de Granada y su Reino, _c1917 ( _fEl Defensor) |
||
| 300 |
_av. ; _c24 cm. |
||
| 505 | 8 | _aContiene: T. I: Califato de Córdoba y reinos de Taifás | |
| 700 | 1 |
_aGaspar Remiro, Mariano. _955885 |
|
| 710 | 2 |
_aCentro de Estudios Históricos de Granada y su Reino. _92642 |
|
| 852 |
_aES-MaACL _jB-13064 |
||
| 999 |
_c19768 _d19768 |
||